Les personnages de Black Widow - #24 - Statistiques

Statistiques générales
  • Ce quiz a été pris 11 fois
  • Le résultat moyen est 3 sur 9
Statistiques - réponses
Réponse % Correct
Natasha Romanoff / Black Widow
100%
Alexei Shostakov / Red Guardian
60%
Yelena Belova
60%
Antonia Dreykov / Taskmaster
30%
Melina Vostokoff
20%
Rick Mason
20%
Général Dreykov
10%
Thaddeus Ross
10%
Valentina Allegra de Fontaine
10%
Aucun quiz correspondant
Distribution des résultats
% des personnes avec chaque résultat
Percentile par nombre de réponses
Votre historique - résultats
Vous n’avez pas pris ce quiz